| 000 -LEADER |
| fixed length control field |
00660cam a2200169 i 4500 |
| 020 ## - INTERNATIONAL STANDARD BOOK NUMBER |
| ISBN |
9789211128666 |
| 040 ## - CATALOGING SOURCE |
| Transcribing agency |
DLC |
| 082 ## - DEWEY DECIMAL CLASSIFICATION NUMBER |
| Classification number |
338 UNI 2013 A077 Or. |
| 245 00 - TITLE STATEMENT |
| Title |
Economic development in Africa : |
| Remainder of title |
report 2013 : intra-African trade, unlocking private sector dynamism / |
| 246 30 - VARYING FORM OF TITLE |
| Title proper/short title |
Intra-African trade, unlocking private sector dynamism |
| 300 ## - PHYSICAL DESCRIPTION |
| Number of Pages |
viii, 146 pages : |
| Other physical details |
illustrations ; |
| Dimensions |
21 cm |
| 490 0# - SERIES STATEMENT |
| Series statement |
Economic development in Africa series, |
| 500 ## - GENERAL NOTE |
| General note |
"United Nations publication, sales no. E.13.II.D.2"--Title page verso. |
| 650 #0 - SUBJECT ADDED ENTRY--TOPICAL TERM |
| Topical Term |
Economic development |
| 710 2# - ADDED ENTRY--CORPORATE NAME |
| Corporate name or jurisdiction name as entry element |
United Nations Conference on Trade and Development. |
| 942 ## - ADDED ENTRY ELEMENTS (KOHA) |
| Koha item type |
សៀវភៅភាសាអង់គ្លេស |
| 952 ## - LOCATION AND ITEM INFORMATION (KOHA) |
| Withdrawn status [LOCAL, KOHA] |
0 |